Visualizzazione normale
Vista MARC
- Tesorio Giuseppe
di Personal Name
Records bibliografici associati: 1
001 - CONTROL NUMBER
- control field: 51671
003 - CONTROL NUMBER IDENTIFIER
- control field: IT-RoPau
005 - DATE AND TIME OF LATEST TRANSACTION
- control field: 20151202174751.0
008 - FIXED-LENGTH DATA ELEMENTS
- fixed length control field: 151202|| aca||aabn | a|a d
040 ## - CATALOGING SOURCE
- Original cataloging agency: IT-RoPau
- Transcribing agency: IT-RoPau
100 ## - HEADING--PERSONAL NAME
- Personal name: Tesorio Giuseppe
- Relator term: (soggetto)
- Miscellaneous information: Codice Soggetto 2° SPICS: 22432
670 ## - SOURCE DATA FOUND
- Source citation: Work cat.: (IT-RoPau)107329: De Andreis Luca Codice regista SPICS: 27798 51667, QUOTIDIANO IN CLASSE (IL)-2-DAL FATTO ALLA NOTIZIA QUOTIDIANO IN CLASSE (IL)-2-DAL FATTO ALLA NOTIZIA (Rif. Codice opera principale : V0548)